| 000 | 00581nam a22001577a 4500 | ||
|---|---|---|---|
| 003 | OSt | ||
| 005 | 20160118153056.0 | ||
| 008 | 160118b xxu||||| |||| 00| 0 eng d | ||
| 040 | _cRUA | ||
| 082 | _aGRS CHA 2010 B352 Or.1 | ||
| 100 |
_96539 _aMOK, CHANDARITH. |
||
| 245 | _aOrganic fertilizer and chemical fertilizer utilization on chili, ការប្រើប្រាស់ជីធម្មជាតិនិងជីគីទៅលើដំណាំម្ទេសដៃនាង | ||
| 260 |
_aPhnom Penh _bRUA _c2010 |
||
| 300 |
_aviii, 22p. _bill. _c29cm. |
||
| 942 |
_2ddc _cGRS |
||
| 999 |
_c6110 _d6110 |
||